[Event "Bundesliga 9899"]
[Site "Deutschland"]
[Date "1998.11.21"]
[Round "3.5"]
[White "Mueller, Matthias"]
[Black "Heinemann, Thies"]
[Result "1/2-1/2"]
[WhiteElo "2385"]
[BlackElo "2450"]
[PlyCount "111"]
[EventDate "1998.10.17"]
[EventType "team"]
[EventRounds "15"]
[EventCountry "GER"]
[SourceTitle "Bundesliga 9899"]
[Source "DeepChess"]
[SourceDate "2005.01.01"]
[SourceVersion "1"]
[SourceVersionDate "2005.01.01"]
[SourceQuality "1"]
[WhiteTeam "Erfurter SK"]
[BlackTeam "Hamburger SK 1830 e.V."]
[WhiteTeamCountry "GER"]
[BlackTeamCountry "GER"]

1. e4 c5 2. Nf3 d6 3. d4 cxd4 4. Nxd4 Nf6 5. Nc3 a6 6. Bg5 e6 7. f4 Be7 8. Qf3
Qc7 9. O-O-O Nbd7 10. g4 b5 11. Bxf6 Nxf6 12. g5 Nd7 13. f5 Bxg5+ 14. Kb1 Ne5
15. Qh5 Qe7 16. Rg1 h6 17. fxe6 g6 18. exf7+ Qxf7 19. Qe2 O-O 20. Nf5 Bxf5 21.
exf5 Qxf5 22. Bg2 Rae8 23. Rdf1 Qd7 24. Bd5+ Kg7 25. Ne4 Be7 26. Rd1 Qf5 27.
Rg3 Kh7 28. Ra3 Qc8 29. Rc3 Qb8 30. a3 Rf4 31. Rf1 Ref8 32. Rxf4 Rxf4 33. Ka2
Qb6 34. Rc8 Qd4 35. Nc3 Qb6 36. Bg8+ Kg7 37. Nd5 Qb7 38. Rc7 Qxc7 39. Nxc7 Kxg8
40. Nd5 Rf7 41. Nxe7+ Rxe7 42. Qe4 Kf7 43. Qd5+ Kf6 44. Qa8 Rc7 45. Qd8+ Re7
46. Qa8 Rc7 47. Qd8+ Re7 48. Qxd6+ Re6 49. Qf8+ Kg5 50. a4 bxa4 51. Qb4 Rc6 52.
Qxa4 Kf5 53. c3 g5 54. Qc2+ Kf4 55. Qd2+ Kf5 56. Qc2+ 1/2-1/2

[Event "Bundesliga 9899"]
[Site "Deutschland"]
[Date "1998.11.21"]
[Round "3.6"]
[White "Wilhelmi, Christian"]
[Black "Troyke, Christian"]
[Result "1/2-1/2"]
[WhiteElo "2445"]
[BlackElo "2400"]
[PlyCount "84"]
[EventDate "1998.10.17"]
[EventType "team"]
[EventRounds "15"]
[EventCountry "GER"]
[SourceTitle "Bundesliga 9899"]
[Source "DeepChess"]
[SourceDate "2005.01.01"]
[SourceVersion "1"]
[SourceVersionDate "2005.01.01"]
[SourceQuality "1"]
[WhiteTeam "Hamburger SK 1830 e.V."]
[BlackTeam "Erfurter SK"]
[WhiteTeamCountry "GER"]
[BlackTeamCountry "GER"]

1. c4 g6 2. Nc3 Bg7 3. g3 d6 4. Bg2 e5 5. d3 Nc6 6. Rb1 a5 7. a3 f5 8. e3 Nf6
9. b4 axb4 10. axb4 O-O 11. Nge2 Ne7 12. O-O Rb8 13. Bd2 Be6 14. Qc2 Kh8 15. f4
Bg8 16. Rfc1 c6 17. b5 c5 18. b6 Nd7 19. Rb3 e4 20. Rcb1 d5 21. cxd5 Nxd5 22.
Nxd5 Bxd5 23. Ra3 exd3 24. Rxd3 Bxg2 25. Kxg2 Qe7 26. Qc4 Nf6 27. Bc3 Ne4 28.
Bxg7+ Kxg7 29. Nc3 Nf6 30. Rbd1 Rbd8 31. Rxd8 Rxd8 32. Rxd8 Qxd8 33. Qxc5 Qd2+
34. Kf3 Ng4 35. Qd4+ Qxd4 36. exd4 Nxh2+ 37. Ke2 Kf7 38. Na4 Ke7 39. Nc5 Kd6
40. Nxb7+ Kc6 41. Nc5 Kxb6 42. Ne6 Ng4 1/2-1/2

[Event "Bundesliga 9899"]
[Site "Deutschland"]
[Date "1998.11.21"]
[Round "3.7"]
[White "Fuhrmann, Daniel"]
[Black "Reeh, Oliver"]
[Result "1/2-1/2"]
[WhiteElo "2300"]
[BlackElo "2425"]
[PlyCount "49"]
[EventDate "1998.10.17"]
[EventType "team"]
[EventRounds "15"]
[EventCountry "GER"]
[SourceTitle "Bundesliga 9899"]
[Source "DeepChess"]
[SourceDate "2005.01.01"]
[SourceVersion "1"]
[SourceVersionDate "2005.01.01"]
[SourceQuality "1"]
[WhiteTeam "Erfurter SK"]
[BlackTeam "Hamburger SK 1830 e.V."]
[WhiteTeamCountry "GER"]
[BlackTeamCountry "GER"]

1. d4 Nf6 2. c4 e6 3. Nf3 Bb4+ 4. Bd2 Qe7 5. g3 Nc6 6. Nc3 Bxc3 7. Bxc3 Ne4 8.
Rc1 O-O 9. Bg2 d6 10. d5 Nd8 11. dxe6 Nxe6 12. O-O Bd7 13. Re1 f5 14. Nd4 Nxd4
15. Bxd4 c5 16. Be3 Bc6 17. Qd3 Rae8 18. Rcd1 Qe6 19. b3 Qg6 20. Bf4 Re6 21. a3
Qh5 22. Bf3 Qh3 23. Bg2 Qh5 24. Bf3 Qh3 25. Bg2 1/2-1/2

[Event "Bundesliga 9899"]
[Site "Deutschland"]
[Date "1998.11.21"]
[Round "3.8"]
[White "Loeffler, Stefan"]
[Black "Voekler, Bernd"]
[Result "0-1"]
[WhiteElo "2405"]
[BlackElo "2390"]
[PlyCount "96"]
[EventDate "1998.10.17"]
[EventType "team"]
[EventRounds "15"]
[EventCountry "GER"]
[SourceTitle "Bundesliga 9899"]
[Source "DeepChess"]
[SourceDate "2005.01.01"]
[SourceVersion "1"]
[SourceVersionDate "2005.01.01"]
[SourceQuality "1"]
[WhiteTeam "Hamburger SK 1830 e.V."]
[BlackTeam "Erfurter SK"]
[WhiteTeamCountry "GER"]
[BlackTeamCountry "GER"]

1. d4 Nf6 2. c4 g6 3. Nc3 Bg7 4. e4 d6 5. h3 O-O 6. Bg5 c6 7. Qd2 a6 8. Bd3 b5
9. Nge2 e5 10. d5 b4 11. Nd1 cxd5 12. cxd5 Nbd7 13. Qxb4 Nc5 14. Qa3 a5 15. O-O
h6 16. Bxf6 Bxf6 17. Rc1 Bg5 18. Rxc5 dxc5 19. Qxc5 Bd7 20. Nec3 Bf4 21. Re1
Qg5 22. Kf1 Rfc8 23. Qd6 Rd8 24. Qc7 a4 25. Re2 Rab8 26. Rc2 Qf6 27. Ke1 Bg5
28. a3 h5 29. Na2 Rbc8 30. Qa5 Qf4 31. Ndc3 f5 32. d6 fxe4 33. Qd5+ Kg7 34.
Qxe4 Qf6 35. Qb7 Qxd6 36. Nb4 Rb8 37. Qa7 Rxb4 38. axb4 Qxd3 39. Re2 Kh6 40. h4
Bxh4 41. Rd2 Qf5 42. Qc7 e4 43. g3 Qh3 44. Rd5 Bf6 45. Qf4+ Kg7 46. Nxe4 Bxb2
47. Kd2 Qe6 48. Rd6 Be5 0-1

[Event "Bundesliga 9899"]
[Site "Deutschland"]
[Date "1998.11.21"]
[Round "3.1"]
[White "Lutz, Christopher"]
[Black "Hracek, Zbynek"]
[Result "1/2-1/2"]
[WhiteElo "2595"]
[BlackElo "2610"]
[PlyCount "114"]
[EventDate "1998.10.17"]
[EventType "team"]
[EventRounds "15"]
[EventCountry "GER"]
[SourceTitle "Bundesliga 9899"]
[Source "DeepChess"]
[SourceDate "2005.01.01"]
[SourceVersion "1"]
[SourceVersionDate "2005.01.01"]
[SourceQuality "1"]
[WhiteTeam "SG Porz e.V."]
[BlackTeam "SAbt SV Werder Bremen"]
[WhiteTeamCountry "GER"]
[BlackTeamCountry "GER"]

1. e4 c5 2. Nf3 d6 3. d4 cxd4 4. Nxd4 Nf6 5. Nc3 e6 6. Be2 Be7 7. f4 Nc6 8. Be3
O-O 9. O-O a6 10. a4 Qc7 11. Kh1 Re8 12. Bf3 Bd7 13. Nb3 Na5 14. Nxa5 Qxa5 15.
g4 Bc6 16. g5 Nd7 17. Qd2 Bf8 18. Qg2 Qb4 19. Qd2 g6 20. Nd5 Qxd2 21. Bxd2 Rac8
22. Nb4 Bg7 23. Nxc6 Rxc6 24. c3 Rec8 25. a5 Bf8 26. Rfd1 Rc4 27. Be2 R4c6 28.
Be3 R6c7 29. Kg2 Rc6 30. h4 h5 31. Bd3 Be7 32. Bc2 Rc4 33. Bd3 R4c6 34. Kf2 Kf8
35. Bc2 Rc4 36. Bd3 R4c6 37. Kf3 Ke8 38. Bc2 Rc4 39. Bb3 R4c6 40. Rd2 Nc5 41.
Bc2 Nd7 42. Rad1 Rc4 43. Bb3 R4c6 44. Ba4 Rc4 45. Rd4 Rxd4 46. Bxd4 Rc4 47. b3
Rc7 48. e5 d5 49. c4 Kf8 50. cxd5 exd5 51. Bxd7 Rxd7 52. Rc1 Bb4 53. Bc3 Ba3
54. Ra1 Rc7 55. Be1 Bc1 56. Ra4 Ke7 57. Rd4 Ke6 1/2-1/2

[Event "Bundesliga 9899"]
[Site "Deutschland"]
[Date "1998.11.21"]
[Round "3.3"]
[White "Khalifman, Alexander"]
[Black "Knaak, Rainer"]
[Result "1-0"]
[WhiteElo "2660"]
[BlackElo "2555"]
[PlyCount "55"]
[EventDate "1998.10.17"]
[EventType "team"]
[EventRounds "15"]
[EventCountry "GER"]
[SourceTitle "Bundesliga 9899"]
[Source "DeepChess"]
[SourceDate "2005.01.01"]
[SourceVersion "1"]
[SourceVersionDate "2005.01.01"]
[SourceQuality "1"]
[WhiteTeam "SG Porz e.V."]
[BlackTeam "SAbt SV Werder Bremen"]
[WhiteTeamCountry "GER"]
[BlackTeamCountry "GER"]

1. Nf3 e6 2. c4 Nf6 3. d4 Bb4+ 4. Nbd2 d5 5. Qa4+ Nc6 6. a3 Bxd2+ 7. Bxd2 Ne4
8. Rd1 O-O 9. e3 Ne7 10. Qc2 b6 11. Bd3 Bb7 12. O-O Ng6 13. Be1 a5 14. Ne5 Qe7
15. f3 Nd6 16. cxd5 exd5 17. Bg3 Rfc8 18. e4 dxe4 19. fxe4 c5 20. Nxg6 hxg6 21.
Bxd6 Qxd6 22. Bc4 cxd4 23. Bxf7+ Kh7 24. Rf3 Qd7 25. Qd3 Rc5 26. Rh3+ Rh5 27.
Rxh5+ gxh5 28. e5+ 1-0

[Event "Bundesliga 9899"]
[Site "Deutschland"]
[Date "1998.11.21"]
[Round "3.5"]
[White "Vaganian, Rafael A"]
[Black "Meins, Gerlef"]
[Result "1/2-1/2"]
[WhiteElo "2630"]
[BlackElo "2450"]
[PlyCount "106"]
[EventDate "1998.10.17"]
[EventType "team"]
[EventRounds "15"]
[EventCountry "GER"]
[SourceTitle "Bundesliga 9899"]
[Source "DeepChess"]
[SourceDate "2005.01.01"]
[SourceVersion "1"]
[SourceVersionDate "2005.01.01"]
[SourceQuality "1"]
[WhiteTeam "SG Porz e.V."]
[BlackTeam "SAbt SV Werder Bremen"]
[WhiteTeamCountry "GER"]
[BlackTeamCountry "GER"]

1. Nf3 Nf6 2. c4 e6 3. Nc3 c5 4. g3 Be7 5. Bg2 d5 6. cxd5 Nxd5 7. O-O Nc6 8. d4
Nxd4 9. Nxd4 Nxc3 10. bxc3 cxd4 11. cxd4 O-O 12. Be3 Bd6 13. f4 Rb8 14. d5 b6
15. Qb3 exd5 16. Bxd5 Bb7 17. Rad1 Qe7 18. Bxb7 Rxb7 19. Rd5 Bc5 20. Re5 Bxe3+
21. Qxe3 Qd6 22. Rc1 h6 23. Re8 Rxe8 24. Qxe8+ Qf8 25. Qc8 Qxc8 26. Rxc8+ Kh7
27. Kf2 f5 28. Kf3 Re7 29. h3 h5 30. Rc2 g6 31. e3 Kg7 32. Rc3 Kf6 33. g4 hxg4+
34. hxg4 fxg4+ 35. Kxg4 Re6 36. Rb3 a6 37. Kf3 g5 38. Kg4 gxf4 39. exf4 b5 40.
Rh3 Kg7 41. Kf5 Rb6 42. Ke5 b4 43. Rd3 a5 44. Rd7+ Kf8 45. Ra7 b3 46. axb3 Rxb3
47. Rxa5 Rb6 48. Ra8+ Kf7 49. Ra7+ Ke8 50. Rh7 Ra6 51. Kf5 Kf8 52. Kg5 Rb6 53.
Rh6 Rxh6 1/2-1/2

[Event "Bundesliga 9899"]
[Site "Deutschland"]
[Date "1998.11.21"]
[Round "3.6"]
[White "Heissler, Jakob"]
[Black "Hansen, Curt"]
[Result "1/2-1/2"]
[WhiteElo "2435"]
[BlackElo "2595"]
[PlyCount "73"]
[EventDate "1998.10.17"]
[EventType "team"]
[EventRounds "15"]
[EventCountry "GER"]
[SourceTitle "Bundesliga 9899"]
[Source "DeepChess"]
[SourceDate "2005.01.01"]
[SourceVersion "1"]
[SourceVersionDate "2005.01.01"]
[SourceQuality "1"]
[WhiteTeam "SAbt SV Werder Bremen"]
[BlackTeam "SG Porz e.V."]
[WhiteTeamCountry "GER"]
[BlackTeamCountry "GER"]

1. e4 c5 2. Nf3 e6 3. d3 Nc6 4. g3 d5 5. Nbd2 Nf6 6. Bg2 g6 7. O-O Bg7 8. c3
O-O 9. Re1 a5 10. a4 b6 11. exd5 exd5 12. Nf1 Ba6 13. Bf4 d4 14. Ne5 Nxe5 15.
Bxe5 dxc3 16. bxc3 Rc8 17. c4 Nh5 18. Rb1 Bxe5 19. Rxe5 Nf6 20. Re2 Rb8 21.
Reb2 Bc8 22. Ne3 Be6 23. Qc2 Re8 24. Qc3 Bd7 25. d4 cxd4 26. Qxd4 Bxa4 27. Qxd8
Rexd8 28. Rxb6 Nd7 29. Rb7 Rxb7 30. Rxb7 Rb8 31. Ra7 Rb1+ 32. Bf1 Rc1 33. Nd5
Ne5 34. Rxa5 Bb3 35. Kg2 Bxc4 36. Bxc4 Nxc4 37. Ra8+ 1/2-1/2

[Event "Bundesliga 9899"]
[Site "Deutschland"]
[Date "1998.11.21"]
[Round "3.7"]
[White "Nijboer, Friso"]
[Black "Kachiani Gersinska, Ketino"]
[Result "1-0"]
[WhiteElo "2580"]
[BlackElo "2435"]
[PlyCount "85"]
[EventDate "1998.10.17"]
[EventType "team"]
[EventRounds "15"]
[EventCountry "GER"]
[SourceTitle "Bundesliga 9899"]
[Source "DeepChess"]
[SourceDate "2005.01.01"]
[SourceVersion "1"]
[SourceVersionDate "2005.01.01"]
[SourceQuality "1"]
[WhiteTeam "SG Porz e.V."]
[BlackTeam "SAbt SV Werder Bremen"]
[WhiteTeamCountry "GER"]
[BlackTeamCountry "GER"]

1. e4 e5 2. Nf3 Nc6 3. Bb5 a6 4. Ba4 Nf6 5. O-O Be7 6. Re1 b5 7. Bb3 O-O 8. d4
d6 9. c3 Bg4 10. d5 Na5 11. Bc2 c6 12. h3 Bc8 13. dxc6 Qc7 14. Nbd2 Qxc6 15. a4
Nc4 16. Nf1 Be6 17. Ng3 Rfe8 18. b3 Nb6 19. a5 Nbd7 20. Bd2 h6 21. Rc1 Rac8 22.
b4 Bf8 23. Nh2 d5 24. Ng4 Nxg4 25. hxg4 Be7 26. Nf5 Bg5 27. Bxg5 hxg5 28. Qd2
Qxc3 29. Qxc3 Rxc3 30. exd5 Bxf5 31. Bxf5 Rxc1 32. Rxc1 Rd8 33. Rc6 Nb8 34. Rb6
Kf8 35. d6 Ke8 36. Be4 Kd7 37. Bb7 Ke6 38. Bxa6 Nxa6 39. Rxa6 Kd5 40. Rb6 Kc4
41. a6 Kxb4 42. a7 Ra8 43. d7 1-0

[Event "Bundesliga 9899"]
[Site "Deutschland"]
[Date "1998.11.21"]
[Round "3.8"]
[White "Hedke, Fred"]
[Black "Vogt, Lothar"]
[Result "0-1"]
[WhiteElo "2335"]
[BlackElo "2510"]
[PlyCount "110"]
[EventDate "1998.10.17"]
[EventType "team"]
[EventRounds "15"]
[EventCountry "GER"]
[SourceTitle "Bundesliga 9899"]
[Source "DeepChess"]
[SourceDate "2005.01.01"]
[SourceVersion "1"]
[SourceVersionDate "2005.01.01"]
[SourceQuality "1"]
[WhiteTeam "SAbt SV Werder Bremen"]
[BlackTeam "SG Porz e.V."]
[WhiteTeamCountry "GER"]
[BlackTeamCountry "GER"]

1. e4 c5 2. d4 cxd4 3. c3 d3 4. Bxd3 Nc6 5. Nf3 g6 6. O-O Bg7 7. h3 d6 8. c4
Nf6 9. Nc3 O-O 10. Qe2 Nd7 11. Bd2 Nde5 12. Nxe5 dxe5 13. Be3 Nd4 14. Qd1 b6
15. f3 Bb7 16. Rf2 e6 17. Rd2 Qe7 18. Bf1 Rad8 19. Qe1 Rd7 20. Rad1 Rfd8 21.
Qf2 f5 22. exf5 exf5 23. f4 Ne6 24. fxe5 Bxe5 25. Nd5 Qf7 26. Qh4 f4 27. Bf2 h5
28. Be2 Kg7 29. Bf3 Bf6 30. Nxf6 Rxd2 31. Rxd2 Rxd2 32. Be1 Rc2 33. Bxb7 Qxf6
34. Bc3 Rxc3 35. Qxf6+ Kxf6 36. bxc3 Nc5 37. Bc6 Nd3 38. Kf1 Nb2 39. Bd5 Nd1
40. Bg8 Nxc3 41. Kf2 Nxa2 42. c5 Nb4 43. cxb6 axb6 44. Kf3 Nd3 45. Ke4 Ne1 46.
Kxf4 Nxg2+ 47. Ke4 Kg5 48. Be6 Kh4 49. Kf3 Ne1+ 50. Ke2 Nc2 51. Kd3 Nb4+ 52.
Kc4 Na6 53. Bf7 g5 54. Kb5 Nc5 55. Kxb6 Nd3 0-1

[Event "Bundesliga 9899"]
[Site "Deutschland"]
[Date "1998.11.21"]
[Round "3.2"]
[White "Cvitan, Ognjen"]
[Black "Luther, Thomas"]
[Result "1-0"]
[WhiteElo "2560"]
[BlackElo "2510"]
[PlyCount "87"]
[EventDate "1998.10.17"]
[EventType "team"]
[EventRounds "15"]
[EventCountry "GER"]
[SourceTitle "Bundesliga 9899"]
[Source "DeepChess"]
[SourceDate "2005.01.01"]
[SourceVersion "1"]
[SourceVersionDate "2005.01.01"]
[SourceQuality "1"]
[WhiteTeam "SK Zaehringen 1921"]
[BlackTeam "SF Neukoelln 03 e.V."]
[WhiteTeamCountry "GER"]
[BlackTeamCountry "GER"]

1. d4 e6 2. Nf3 d5 3. c4 Nf6 4. g3 dxc4 5. Bg2 Nc6 6. O-O Rb8 7. Nc3 a6 8. e4
b5 9. d5 Nb4 10. b3 cxb3 11. Nd4 c5 12. dxc6 e5 13. Nd5 Bd6 14. c7 Bxc7 15.
Nxb4 Qxd4 16. Qxd4 exd4 17. axb3 Nd7 18. Nc6 Rb6 19. Nxd4 O-O 20. Be3 Bb7 21.
Rac1 Bb8 22. Rfd1 Ne5 23. h3 Rd6 24. f4 Nc6 25. e5 Rxd4 26. Bxd4 Nxd4 27. Bxb7
Ne2+ 28. Kg2 Nxc1 29. Rxc1 a5 30. Rc5 a4 31. Rxb5 axb3 32. Bd5 Bc7 33. Rb7 b2
34. Ba2 Ba5 35. Rxb2 g5 36. Rb5 Bd2 37. f5 Bc3 38. Kf3 Ra8 39. Bb3 Ra3 40. Ke4
Ra7 41. f6 h6 42. Rb8+ Kh7 43. Rf8 Kg6 44. Rg8+ 1-0

[Event "Bundesliga 9899"]
[Site "Deutschland"]
[Date "1998.11.21"]
[Round "3.4"]
[White "Roos, Daniel"]
[Black "Berndt, Stephan"]
[Result "1/2-1/2"]
[WhiteElo "2430"]
[BlackElo "2380"]
[PlyCount "37"]
[EventDate "1998.10.17"]
[EventType "team"]
[EventRounds "15"]
[EventCountry "GER"]
[SourceTitle "Bundesliga 9899"]
[Source "DeepChess"]
[SourceDate "2005.01.01"]
[SourceVersion "1"]
[SourceVersionDate "2005.01.01"]
[SourceQuality "1"]
[WhiteTeam "SK Zaehringen 1921"]
[BlackTeam "SF Neukoelln 03 e.V."]
[WhiteTeamCountry "GER"]
[BlackTeamCountry "GER"]

1. Nf3 Nf6 2. g3 g6 3. Bg2 Bg7 4. O-O O-O 5. d4 d5 6. c4 dxc4 7. Na3 Na6 8.
Nxc4 c5 9. dxc5 Be6 10. Nce5 Nxc5 11. Be3 Rc8 12. Rc1 Qxd1 13. Rfxd1 Nce4 14.
Bxa7 Bxa2 15. Nd3 Bb3 16. Rxc8 Rxc8 17. Rc1 Rxc1+ 18. Nxc1 Bd5 19. Nd3 1/2-1/2

[Event "Bundesliga 9899"]
[Site "Deutschland"]
[Date "1998.11.21"]
[Round "3.5"]
[White "Polzin, Rainer"]
[Black "Toth, Bela"]
[Result "1-0"]
[WhiteElo "2440"]
[BlackElo "2395"]
[PlyCount "77"]
[EventDate "1998.10.17"]
[EventType "team"]
[EventRounds "15"]
[EventCountry "GER"]
[SourceTitle "Bundesliga 9899"]
[Source "DeepChess"]
[SourceDate "2005.01.01"]
[SourceVersion "1"]
[SourceVersionDate "2005.01.01"]
[SourceQuality "1"]
[WhiteTeam "SF Neukoelln 03 e.V."]
[BlackTeam "SK Zaehringen 1921"]
[WhiteTeamCountry "GER"]
[BlackTeamCountry "GER"]

1. e4 e5 2. Bc4 Nf6 3. d4 exd4 4. Nf3 Nc6 5. e5 d5 6. Bb5 Ne4 7. Nxd4 Bc5 8.
Be3 Bd7 9. Bxc6 bxc6 10. Nd2 Bb6 11. Nxe4 dxe4 12. e6 Bxe6 13. Nxe6 Qxd1+ 14.
Rxd1 fxe6 15. Ke2 O-O 16. Rd7 Rf5 17. Rhd1 Raf8 18. R1d2 Bxe3 19. Kxe3 Rg5 20.
g3 Rgf5 21. Rxc7 Rf3+ 22. Kxe4 Rxf2 23. Rxf2 Rxf2 24. Rxc6 Rxh2 25. a4 h5 26.
a5 h4 27. gxh4 Rxh4+ 28. Ke3 Ra4 29. a6 e5 30. b3 Ra2 31. b4 Rb2 32. c3 Rb1 33.
Rc7 Re1+ 34. Kd2 Ra1 35. Rxa7 g5 36. b5 g4 37. b6 g3 38. b7 Ra2+ 39. Kd3 1-0

[Event "Bundesliga 9899"]
[Site "Deutschland"]
[Date "1998.11.21"]
[Round "3.6"]
[White "Roos, Jean Luc"]
[Black "Schoene, Ralf"]
[Result "1/2-1/2"]
[WhiteElo "2315"]
[BlackElo "2425"]
[PlyCount "77"]
[EventDate "1998.10.17"]
[EventType "team"]
[EventRounds "15"]
[EventCountry "GER"]
[SourceTitle "Bundesliga 9899"]
[Source "DeepChess"]
[SourceDate "2005.01.01"]
[SourceVersion "1"]
[SourceVersionDate "2005.01.01"]
[SourceQuality "1"]
[WhiteTeam "SK Zaehringen 1921"]
[BlackTeam "SF Neukoelln 03 e.V."]
[WhiteTeamCountry "GER"]
[BlackTeamCountry "GER"]

1. e4 e5 2. Nf3 Nc6 3. Bc4 Bc5 4. d3 Nf6 5. c3 a6 6. O-O Ba7 7. Nbd2 O-O 8. h3
d5 9. exd5 Nxd5 10. Re1 b5 11. Bxd5 Qxd5 12. Nf1 Bf5 13. Be3 Bxd3 14. Bxa7 Rxa7
15. Ne3 Qd6 16. a4 e4 17. Nd2 f5 18. Qb3+ Kh8 19. axb5 axb5 20. Rxa7 Nxa7 21.
Ra1 Nc8 22. Qd5 c6 23. Qxd6 Nxd6 24. g3 g5 25. Ra6 Rc8 26. b4 Nf7 27. Nb3 Ne5
28. Kg2 Be2 29. Nd4 Bf3+ 30. Kf1 Kg7 31. Ra7+ Kf6 32. Rxh7 Ra8 33. Nec2 Ra2 34.
Ke1 Rb2 35. Kd2 Rb1 36. Ne3 Rb2+ 37. Nec2 Rb1 38. Ne3 Rb2+ 39. Nec2 1/2-1/2

[Event "Bundesliga 9899"]
[Site "Deutschland"]
[Date "1998.11.21"]
[Round "3.7"]
[White "Thiede, Lars"]
[Black "Gruenenwald, Joerg"]
[Result "0-1"]
[WhiteElo "2340"]
[BlackElo "2345"]
[PlyCount "92"]
[EventDate "1998.10.17"]
[EventType "team"]
[EventRounds "15"]
[EventCountry "GER"]
[SourceTitle "Bundesliga 9899"]
[Source "DeepChess"]
[SourceDate "2005.01.01"]
[SourceVersion "1"]
[SourceVersionDate "2005.01.01"]
[SourceQuality "1"]
[WhiteTeam "SF Neukoelln 03 e.V."]
[BlackTeam "SK Zaehringen 1921"]
[WhiteTeamCountry "GER"]
[BlackTeamCountry "GER"]

1. g3 g6 2. Bg2 Bg7 3. c4 Nf6 4. Nf3 O-O 5. O-O c6 6. Nc3 d5 7. cxd5 cxd5 8. d4
Ne4 9. Nxe4 dxe4 10. Ne5 Qd5 11. b3 f6 12. Nc4 Nc6 13. e3 b5 14. Nb2 f5 15. f3
Bb7 16. f4 Qd6 17. Kh1 Nb4 18. Bd2 Rab8 19. a3 Nd5 20. Qe1 Rfc8 21. Nd1 e6 22.
Nc3 Nxc3 23. Bxc3 Bd5 24. Bb4 Qd8 25. Rb1 Bf8 26. Rf2 Bxb4 27. Qxb4 a5 28. Qd2
b4 29. axb4 Rxb4 30. Rc1 Bxb3 31. Bf1 Rbb8 32. Rxc8 Rxc8 33. Qb2 a4 34. h4 h5
35. d5 exd5 36. Rd2 Qe7 37. Bb5 Qg7 38. Qa3 Qf8 39. Qb2 Qg7 40. Qa3 Qc3 41. Qd6
Kh7 42. Qe7+ Qg7 43. Qe6 Rc7 44. Be8 d4 45. Qd6 Rc1+ 46. Kh2 d3 0-1

[Event "Bundesliga 9899"]
[Site "Deutschland"]
[Date "1998.11.21"]
[Round "3.8"]
[White "Herbrechtsmeier, Christof"]
[Black "Rudolf, Henrik"]
[Result "0-1"]
[WhiteElo "2280"]
[BlackElo "2275"]
[PlyCount "88"]
[EventDate "1998.10.17"]
[EventType "team"]
[EventRounds "15"]
[EventCountry "GER"]
[SourceTitle "Bundesliga 9899"]
[Source "DeepChess"]
[SourceDate "2005.01.01"]
[SourceVersion "1"]
[SourceVersionDate "2005.01.01"]
[SourceQuality "1"]
[WhiteTeam "SK Zaehringen 1921"]
[BlackTeam "SF Neukoelln 03 e.V."]
[WhiteTeamCountry "GER"]
[BlackTeamCountry "GER"]

1. e4 g6 2. d4 Bg7 3. Bc4 d6 4. Nc3 Nf6 5. Nge2 O-O 6. f3 c6 7. Bb3 Nbd7 8. Be3
b5 9. Qd2 a5 10. a4 b4 11. Nd1 Ba6 12. c4 bxc3 13. bxc3 e5 14. O-O d5 15. Nf2
Re8 16. Rfe1 Qc7 17. Ng3 Rad8 18. Bh6 Bh8 19. Qg5 exd4 20. cxd4 Qb6 21. Qe3
Nxe4 22. Ngxe4 Bxd4 23. Qf4 Be5 24. Qe3 Qxe3 25. Bxe3 Bxa1 26. Rxa1 dxe4 27.
Nxe4 c5 28. Bg5 Rb8 29. Nd6 Re2 30. Bxf7+ Kg7 31. Bd5 Re5 32. Bc6 Rxg5 33. f4
Rg4 34. Bxd7 Rxf4 35. Re1 Rbf8 36. Re7+ Kh6 37. h4 R8f6 38. g4 Rxg4+ 39. Bxg4
Rxd6 40. Ra7 c4 41. Kf2 c3 42. Rc7 Rd4 43. Be6 Rxh4 44. Bg8 c2 0-1

[Event "Bundesliga 9899"]
[Site "Deutschland"]
[Date "1998.11.21"]
[Round "3.1"]
[White "Georgiev, Kiril"]
[Black "Jussupow, Artur"]
[Result "1-0"]
[WhiteElo "2675"]
[BlackElo "2630"]
[PlyCount "87"]
[EventDate "1998.10.17"]
[EventType "team"]
[EventRounds "15"]
[EventCountry "GER"]
[SourceTitle "Bundesliga 9899"]
[Source "DeepChess"]
[SourceDate "2005.01.01"]
[SourceVersion "1"]
[SourceVersionDate "2005.01.01"]
[SourceQuality "1"]
[WhiteTeam "SG Bochum 31"]
[BlackTeam "SG 1868 Aljech. Solingen"]
[WhiteTeamCountry "GER"]
[BlackTeamCountry "GER"]

1. d4 Nf6 2. c4 e6 3. Nf3 d5 4. Nc3 Be7 5. Bg5 h6 6. Bh4 O-O 7. e3 b6 8. Bd3
Bb7 9. Bxf6 Bxf6 10. cxd5 exd5 11. O-O c6 12. b4 Re8 13. Qb3 Nd7 14. a4 a5 15.
bxa5 Rxa5 16. Bf5 Ra6 17. Rfe1 c5 18. Rab1 g6 19. Bh3 c4 20. Qc2 Nf8 21. g3 Bc6
22. Bg2 Ne6 23. h4 Nc7 24. Kh2 Qd7 25. Rb4 Kg7 26. Reb1 Rb8 27. Ne5 Bxe5 28.
dxe5 Qe7 29. f4 Qc5 30. Qc1 Rba8 31. Ne4 Qe7 32. Nd6 Bxa4 33. Rxb6 Bb3 34. Rb7
R6a7 35. Rxa7 Rxa7 36. Nc8 Qa3 37. Nxa7 Qxa7 38. Ra1 Qc5 39. Rb1 Ne6 40. Qc3 d4
41. exd4 Nxd4 42. e6 Kf8 43. Rxb3 Nxb3 44. Qf6 1-0

[Event "Bundesliga 9899"]
[Site "Deutschland"]
[Date "1998.11.21"]
[Round "3.4"]
[White "Huebner, Robert"]
[Black "Bosch, Jeroen"]
[Result "1/2-1/2"]
[WhiteElo "2560"]
[BlackElo "2460"]
[PlyCount "133"]
[EventDate "1998.10.17"]
[EventType "team"]
[EventRounds "15"]
[EventCountry "GER"]
[SourceTitle "Bundesliga 9899"]
[Source "DeepChess"]
[SourceDate "2005.01.01"]
[SourceVersion "1"]
[SourceVersionDate "2005.01.01"]
[SourceQuality "1"]
[WhiteTeam "SG 1868 Aljech. Solingen"]
[BlackTeam "SG Bochum 31"]
[WhiteTeamCountry "GER"]
[BlackTeamCountry "GER"]

1. e4 c5 2. Nf3 d6 3. d4 cxd4 4. Qxd4 Nc6 5. Bb5 Bd7 6. Bxc6 Bxc6 7. Nc3 Nf6 8.
Bg5 e6 9. O-O-O Be7 10. e5 dxe5 11. Qxe5 Qc8 12. Nd4 O-O 13. f3 Nd7 14. Qg3
Bxg5+ 15. Qxg5 Nf6 16. Nxc6 Qxc6 17. Rd4 h6 18. Qd2 a6 19. Rd1 Rfc8 20. h4 b5
21. Qe2 Qc7 22. g4 Qg3 23. h5 Re8 24. Ne4 Qf4+ 25. Kb1 Nxe4 26. Rxe4 Qc7 27. f4
Rad8 28. Rc1 Rd5 29. c4 Rc5 30. g5 hxg5 31. fxg5 Rc8 32. g6 Rxc4 33. Rexc4 bxc4
34. Rf1 c3 35. gxf7+ Kf8 36. h6 Qg3 37. h7 Qh3 38. bxc3 Qxh7+ 39. Kb2 Qh3 40.
Rf3 Qg4 41. Qd3 Ke7 42. Qe3 Kf8 43. Qd3 Ke7 44. c4 Qg2+ 45. Ka3 Qg5 46. Qc3
Qc5+ 47. Qb4 Kf8 48. Qxc5+ Rxc5 49. Kb4 Rc6 50. c5 g5 51. Kc4 g4 52. Rf4 g3 53.
Rg4 Kxf7 54. Rxg3 Ke7 55. Rd3 Ke8 56. a4 Ke7 57. a5 Ke8 58. Rd2 Ke7 59. Rd1 Ke8
60. Rb1 Kd7 61. Kd4 Kc8 62. Rc1 Kd7 63. Ke5 Kc7 64. Rc2 Kd7 65. Rc1 Kc7 66. Rc2
Kd7 67. Rc1 1/2-1/2